NFL Retired Numbers: AFC West - Statistics

General Stats
  • This quiz has been taken 55 times
  • The average score is 9 of 19
Answer Stats
Team Number Player Years w/ Team % Correct
DenverBroncos #7 JohnElway 1983-1998
100%
Los AngelesChargers #21 LaDainianTomlinson 2001-2009
81%
Los AngelesChargers #14 DanFouts 1973-1987
77%
Kansas CityChiefs #16 LenDawson 1962-1975
77%
Kansas CityChiefs #58 DerrickThomas 1989-1999
63%
Kansas CityChiefs #18 EmmittThomas 1966-1978
63%
Los AngelesChargers #55 JuniorSeau 1990-2002
60%
Los AngelesChargers #19 LanceAlworth 1962-1970
58%
DenverBroncos #44 FloydLittle 1967-1975
44%
Los AngelesChargers #80 KellenWinslow 1979-1987
42%
Kansas CityChiefs #78 BobbyBell 1963-1974
35%
Kansas CityChiefs #3 JanStenerud 1967-1979
35%
Kansas CityChiefs #63 WillieLanier 1967-1977
35%
Kansas CityChiefs #86 BuckBuchanan 1963-1975
30%
Los AngelesChargers #18 CharlieJoiner 1976-1986
21%
DenverBroncos #18 FrankTripucka 1960-1963
16%
Kansas CityChiefs #33 StoneJohnson 1963
12%
Kansas CityChiefs #28 AbnerHaynes 1960-1964
7%
Kansas CityChiefs #36 Mack LeeHill 1964-1965
2%
No matching quizzes found
Score Distribution
Percent of People with Each Score
Percentile by Number Answered
Your Score History
You have not taken this quiz